Tory F1 - Statystyki

Ogólne statystyki
  • Ten quiz został rozwiązany 340 razy
  • Średni wynik to 9 z 16
Statystyki odpowiedzi
Obrazkowy Hint Odpowiedź % Poprawnych
Monza
89%
Hungaroring
74%
Suzuka
74%
Las Vegas
72%
Monaco
70%
Silverstone
70%
Jeddah
65%
Sakhir
53%
Yas Marina
52%
Zandvoort
49%
Marina Bay
42%
Hockenheimring
40%
Sepang
39%
Sochi
37%
Istanbul Park
18%
Hermanos Rodríguez
14%
Nie znaleziono quizów pasujących do podanych kryteriów
Rozkład punktacji
Procent ludzi z każdym wynikiem
Percentyl według liczby udzielonych odpowiedzi
Twoja historia wyników
Nie rozwiązałeś tego quizu